<?xml version="1.0" encoding="UTF-8"?>
<record
    xmlns:xsi="http://www.w3.org/2001/XMLSchema-instance"
    xsi:schemaLocation="http://www.loc.gov/MARC21/slim http://www.loc.gov/standards/marcxml/schema/MARC21slim.xsd"
    xmlns="http://www.loc.gov/MARC21/slim">

  <leader>00917    a2200217   4500</leader>
  <controlfield tag="003">Nust</controlfield>
  <controlfield tag="005">20221208124403.0</controlfield>
  <datafield tag="010" ind1=" " ind2=" ">
    <subfield code="a">   92044411</subfield>
  </datafield>
  <datafield tag="020" ind1=" " ind2=" ">
    <subfield code="a">0070342288 :</subfield>
  </datafield>
  <datafield tag="040" ind1=" " ind2=" ">
    <subfield code="c">Nust</subfield>
  </datafield>
  <datafield tag="082" ind1="0" ind2="0">
    <subfield code="a">621.382,KER</subfield>
  </datafield>
  <datafield tag="100" ind1="1" ind2=" ">
    <subfield code="a">Kershenbaum, Aaron.</subfield>
    <subfield code="9">78332</subfield>
  </datafield>
  <datafield tag="245" ind1="1" ind2="0">
    <subfield code="a">Telecommunications network design algorithms /</subfield>
    <subfield code="c">Aaron Kershenbaum.</subfield>
  </datafield>
  <datafield tag="260" ind1=" " ind2=" ">
    <subfield code="a">New York :</subfield>
    <subfield code="b">McGraw-Hill,</subfield>
    <subfield code="c">c1993.</subfield>
  </datafield>
  <datafield tag="300" ind1=" " ind2=" ">
    <subfield code="a">xvi, 368 p. :</subfield>
    <subfield code="b">ill. ;</subfield>
    <subfield code="c">25 cm.</subfield>
  </datafield>
  <datafield tag="490" ind1="1" ind2=" ">
    <subfield code="a">McGraw-Hill in computer science series</subfield>
  </datafield>
  <datafield tag="505" ind1=" " ind2=" ">
    <subfield code="a">Introduction (Page-1), Analysis of Loss and Delay (Page-43), Modeling Networks as Graphs (Page-111), Fundamentals Graph Algorithms (Page-139), Centralized Network Design (Page-179), Routing (Page-246), Mesh Topology Optimization (Page-281), Network Reliability (Page-330)..</subfield>
  </datafield>
  <datafield tag="650" ind1=" " ind2="0">
    <subfield code="a">Telecommunications engineering.</subfield>
    <subfield code="9">58485</subfield>
  </datafield>
  <datafield tag="830" ind1=" " ind2="0">
    <subfield code="a">McGraw-Hill series in computer science.</subfield>
    <subfield code="9">55540</subfield>
  </datafield>
  <datafield tag="942" ind1=" " ind2=" ">
    <subfield code="2">ddc</subfield>
    <subfield code="c">BK</subfield>
  </datafield>
  <datafield tag="999" ind1=" " ind2=" ">
    <subfield code="c">182545</subfield>
    <subfield code="d">182545</subfield>
  </datafield>
  <datafield tag="952" ind1=" " ind2=" ">
    <subfield code="0">0</subfield>
    <subfield code="1">0</subfield>
    <subfield code="2">ddc</subfield>
    <subfield code="4">0</subfield>
    <subfield code="7">0</subfield>
    <subfield code="a">MCS</subfield>
    <subfield code="b">MCS</subfield>
    <subfield code="c">GEN</subfield>
    <subfield code="d">2016-12-12</subfield>
    <subfield code="o">621.382,KER</subfield>
    <subfield code="p">MCS5695</subfield>
    <subfield code="r">2016-12-08</subfield>
    <subfield code="w">2016-12-12</subfield>
    <subfield code="y">BK</subfield>
    <subfield code="z">Almirah No.35, Shelf No.4</subfield>
  </datafield>
</record>
